| 000 | 01563nam0a2200349 4500 | ||
|---|---|---|---|
| 001 | RU\NLR\b_ik\122549 | ||
| 005 | 20250616225502.0 | ||
| 010 |
_a5-8112-0720-4 _95000 |
||
| 035 | _a(NLR Aleph) 002196055 | ||
| 090 |
_a2977095 _c2977095 |
||
| 100 | _a20050121d2004 |||y0rusy50 ca | ||
| 101 | 0 | _aeng | |
| 102 | _aRU | ||
| 105 | _aa ||||||||| | ||
| 200 | 1 |
_aAn Ideal husband _e[Сборник _fСост.: Э.Г. Кахова] |
|
| 210 |
_aМ. _cАйрис-пресс _d2004 |
||
| 215 |
_a222, [1] с. _cил. _d16 |
||
| 225 | 1 |
_aЧитаем в оригинале _iEnglish |
|
| 300 | _aПредисл. на рус. яз. | ||
| 300 | _aВ вып. дан.: Идеальный муж | ||
| 327 | 1 | _aСодерж.: The picture of Dorian Gray; An ideal husband / O. Wilde. Widower's houses; Pygmalion / G.B. Shaw. The Forsyte saga / J. Galsworthy | |
| 464 | 1 |
_12001#$aAn ideal husband _1700#1$8eng$7ba$aWildе$bO.$f1854 -1900$gOscar$4070$3293 _tAn ideal husband _aWildе, Oscar (1854 -1900) |
|
| 541 | 0 |
_aИдеальный муж _zrus |
|
| 604 |
_1700#1$8eng$7ba$aWildе$bO.$f1854 -1900$gOscar$4070$3RU\NLR\AUTH\66293 _150010$aAn ideal husband$2psbo _3RU\NLR\AUTH\66293 _aWildе, Oscar (1854 -1900) _tAn ideal husband _9887846 |
||
| 606 | 0 |
_aАнглийский язык _jУчебные издания _9972309 _3RU\NLR\AUTH\6646032 |
|
| 686 | 4 | _aШ6(4Вл)53-4я43{Лх1297-45сб} | |
| 686 | 1 | _aШ143.21-93рус91 | |
| 702 | 1 |
_aKachova _bÉ. G. _gÉteri Georgievna _4220 |
|
| 801 | 0 |
_aRU _bNLR _c20020320 _gPSBO |
|
| 942 | _cBOOK | ||
| 980 | _aNB | ||